Футболът в Русе (Запис номер 88428)
[ съкратено ]
| 000 -Лидер | |
|---|---|
| Контролно поле с фиксирана дължина | 01301nam a2200409 c 4500 |
| 003 - Код на организацията, давaща контролен номер | |
| Контролно поле | BLK |
| 005 - Дата и час на последна редакция | |
| Контролно поле | 20250517160442.0 |
| 008 - Елементи от данни с фиксирана дължина | |
| fixed length control field | 180408b bul|||||r ||||||| ||bul|| |
| 010 ## - Наследен системен номер | |
| LC control number | KNG00093092000 |
| 020 ## - Международен стандартен номер на книга ISBN | |
| Международен стандартен номер на книга ISBN | 978-954-337-107-5 |
| 040 ## - Източник на каталожния запис | |
| Идентификатор на билиотеката - собственик на записа | BLK |
| 041 ## - Код за език | |
| Код за езика на текст/звукозапис или на отделно заглавие | Български |
| Код за езика КДБФ | Български |
| 072 #7 - Код за тематичната категория | |
| Код организация | bullib |
| Код за тематична категория | Н79 |
| Текст | Спорт Н |
| 080 ## - УДК | |
| Текстов определител УДК | Футбол |
| УДК код - определител по УДК | 796.332 |
| УДК определител | (497.215)(091) |
| УДК - код + определител | 796.332(497.215)(091) |
| 100 1# - Редна дума - Автор | |
| Автор | Илиев, Юлиян Стефанов |
| Авторска отговорност | първи автор |
| R(LIN) | 303163 |
| 139 ## - Редно поле | |
| Редна дума | Илиев, Юлиян Стефанов |
| Авторски знак | Илие - И 52 |
| 245 10 - Сведения за заглавието | |
| Заглавие | Футболът в Русе |
| Редно поле (дума) | Юлиян Стефанов Илиев. |
| 257 ## - Страна на издаване | |
| Страна на създаване/издаване | България |
| 260 ## - Област на издателските данни | |
| Име на издателя, разпространителя и проч. | Авангард принт |
| Година на издаване | 2010 |
| 300 ## - Физическа характеристика | |
| Страници | 284 с. |
| Илюстрации и др. | с ил. |
| Размери/Мащаб | 20 см |
| 380 ## - Жанр | |
| Жанр | 793/799 Спорт |
| 500 ## - Общи забележки | |
| Забележка | 150 тир. |
| 650 #4 - Допълнително описание по предмет – тема | |
| Основно описание – тема или топоним | Футбол - Русе - история |
| 9 (RLIN) | 303164 |
| 651 #4 - Допълнително описание по предмет - топоним | |
| Географско понятие | Русе |
| 9 (RLIN) | 179462 |
| 651 #4 - Допълнително описание по предмет - топоним | |
| Географско понятие | България |
| 9 (RLIN) | 241624 |
| 653 ## - Ключова дума – ненормативна | |
| Ключова дума | футбол |
| 653 ## - Ключова дума – ненормативна | |
| Ключова дума | история |
| 659 ## - Тематичен бюлетин | |
| Тематичен бюлетин | Н |
| 852 ## - Местоположение | |
| Форматна сигнатура | Цб 254675 |
| 852 ## - Местоположение | |
| Форматна сигнатура | К 796/799/И 52 Ю |
| 856 4# - Електронен адрес и достъп | |
| Електронен формат | pdf - файл |
| 856 4# - Електронен адрес и достъп | |
| Електронен формат | pdf - файл |
| 999 ## - СИСТЕМНИ КОНТРОЛНИ НОМЕРА | |
| Koha biblionumber | 88428 |
| Koha biblioitemnumber | 88428 |
| 942 ## - АРТИКУЛИ | |
| Вид на библиотечния материал | Книги |
| Скрит в OPAC | Не |
| Koha issues (borrowed), all copies | 15 |
| Периодичен библиозапис | Да |
| 944 ## - СЪЗДАВАНЕ И РЕДАКЦИЯ на ЗАПИСА | |
| Създаване/Редакция | Създаване |
| Дата на регистрацията/редакция | 26.03.2012 |
| Статус, дата на статуса | Кети Илиева |
| Служител, извършил регистрацията/редакцията | 30550 |
| 944 ## - СЪЗДАВАНЕ И РЕДАКЦИЯ на ЗАПИСА | |
| Създаване/Редакция | Редакция |
| Дата на регистрацията/редакция | 30.03.2017 |
| Статус, дата на статуса | ф / |
| Служител, извършил регистрацията/редакцията | Пенка_Димитрова |
| 999 ## - СИСТЕМНИ КОНТРОЛНИ НОМЕРА | |
| Koha biblioitemnumber | 88428 |
| Код за отписване | Код за изгубен артикул | Код за повреда | Коз за рестрикции | Код за отдаване | Артикулен № | Име на библиотеката - собственик | Име на библиотеката, в която се намира в момента | Статус (Текущо местоположение) | Дата на вписване в системата | Местоположение - отдел | Цена в лева | Инвентарен номер | Систематично азбучна сигнатура | Баркод | Номер на екземпляра | Цена в евро | Служебна бележка | Служебен тип на артикула | Източник на класификационната схема |
|---|---|---|---|---|---|---|---|---|---|---|---|---|---|---|---|---|---|---|---|
| Не е изгубен | Не е повреден | без рестрикции | заемане за дома | 143379 | Регионална библиотека "Любен Каравелов" Русе | Регионална библиотека "Любен Каравелов" Русе | Заемна - подръчен фонд | 2012-03-26 | Заемна - подръчен фонд | 10.00 | 120000756677 | П 796.3/И 52 | 120000756677 | 1 | 5.11 | Дост: DA Вид: А N: 5 Дата: 23.03.2012 Дата инв: 08.02.2018 Бележки инв: П2018 | Книги | ||
| Не е изгубен | Не е повреден | без рестрикции | заемане за дома | 143380 | Регионална библиотека "Любен Каравелов" Русе | Регионална библиотека "Любен Каравелов" Русе | Заемна - подръчен фонд | 2012-03-26 | Заемна - подръчен фонд | 10.00 | 120000756678 | П 796.3/И 52 | 120000756678 | 2 | 5.11 | Дост: DA Вид: А N: 5 Дата: 23.03.2012 Дата инв: 08.02.2018 Бележки инв: П2018 | Книги | ||
| Не е изгубен | Не е повреден | без рестрикции | заемане за дома | 143381 | Регионална библиотека "Любен Каравелов" Русе | Регионална библиотека "Любен Каравелов" Русе | Заемна - подръчен фонд | 2012-03-26 | Заемна - подръчен фонд | 10.00 | 120000756679 | П 796.3/И 52 | 120000756679 | 3 | 5.11 | Дост: DA Вид: А N: 5 Дата: 23.03.2012 Дата инв: 08.02.2018 Бележки инв: П2018 | Книги | ||
| Не е изгубен | Не е повреден | без рестрикции | заемане за дома | 143382 | Регионална библиотека "Любен Каравелов" Русе | Регионална библиотека "Любен Каравелов" Русе | Детски отдел | 2012-03-26 | Детски отдел | 10.00 | 120000756680 | ДН 796/799/И 52 | 120000756680 | 4 | 5.11 | Дост: DA Вид: А N: 5 Дата: 23.03.2012 Дата инв: 20.08.2015 Бележки инв: Д2015 | Книги | ||
| Изтеглен | Не е изгубен | Не е повреден | без рестрикции | заемане за дома | 143383 | Регионална библиотека "Любен Каравелов" Русе | Регионална библиотека "Любен Каравелов" Русе | Детски отдел | 2012-03-26 | Детски отдел | 10.00 | 120000756681 | ДН 796/799/И 52 | 120000756681 | 5 | 5.11 | Дост: DA Вид: А N: 5 Дата: 23.03.2012 | Книги | Universal Decimal Classification |
| Не е изгубен | Не е повреден | без рестрикции | ползва се в читалня | 143384 | Регионална библиотека "Любен Каравелов" Русе | Регионална библиотека "Любен Каравелов" Русе | Краезнание | 2012-03-26 | Краезнание | 10.00 | 120000756683 | К 796/799/И 52 Ю | 120000756683 | 6 | 5.11 | Дост: DA Вид: А N: 5 Дата: 23.03.2012 Дата инв: 06.11.2017 Бележки инв: К2017 | Книги | Universal Decimal Classification | |
| Не е изгубен | Не е повреден | без рестрикции | ползва се в читалня | 143385 | Регионална библиотека "Любен Каравелов" Русе | Регионална библиотека "Любен Каравелов" Русе | Читалня | 2017-03-31 | Читалня | 10.00 | 120000809658 | Ч 796/799/И 52 | 120000809658 | 7 | 5.11 | Дост: DA Вид: А N: 16 Дата: 31.03.2017 Дата инв: 31.03.2017 Бележки инв: Ч2017 | Книги |